000 00787cam a2200277 a 4500
001 1646552
003 OSt
005 20230619134606.0
008 960926s1994 fr 000 0 eng
010 _a 96201594
040 _aDLC
_cDLC
041 1 _aeng
_hspa
050 0 0 _aHM281
_b.G433 1994
082 0 0 _a303.6
_221
_bGEN
100 1 _aGenovés, Santiago.
245 1 0 _aViolence revisited /
_cSantiago Genovés.
260 _a[Paris] :
_bUNESCO,
_cc1994.
300 _a232 p. ;
_c21 cm.
650 0 _aViolence.
650 0 _aAggressiveness.
650 0 _aHuman behavior.
650 0 _aSocial evolution.
906 _a7
_bcbc
_corignew
_d3
_encip
_f19
_gy-gencatlg
942 _2ddc
_cBK
999 _c1312
_d1312